[Event "FIDE OPEN Stare Mesto 2021 A"]
[Site "Stare Mesto, CZE"]
[Date "2021.08.15"]
[Round "3.30"]
[White "Hyks, Jan"]
[Black "Bata, Jiri"]
[Result "1-0"]
[WhiteElo "1533"]
[BlackElo "1593"]
[PlyCount "97"]
[EventDate "2021.08.13"]

1. e4 e5 2. Nf3 f5 3. Nxe5 Qf6 4. Nc4 fxe4 5. Ne3 c6 6. c4 Bc5 7. Qh5+ Qf7 8.
Qxc5 Qe6 9. Nc3 Nf6 10. Nf5 Kd8 11. Ne3 Na6 12. Qf5 Qf7 13. Qa5+ b6 14. Qa3 Rf8
15. Be2 Nc5 16. b4 Ne6 17. Bb2 Nf4 18. O-O-O Kc7 19. Bf1 d5 20. cxd5 N4xd5 21.
Ncxd5+ Nxd5 22. Nxd5+ Qxd5 23. Qb3 Qf5 24. Qg3+ Kb7 25. Qxg7+ Rf7 26. Qd4 Be6
27. Bc4 Rd7 28. Qc3 Bd5 29. Bxd5 cxd5 30. Qf6 Qg4 31. g3 Qg8 32. Kb1 Rf8 33.
Qd4 Rf3 34. Rc1 Rd3 35. Qf6 Qg6 36. Qxg6 hxg6 37. Rc2 Ka6 38. Re1 Kb5 39. Re3
Kxb4 40. Rxd3 exd3 41. Rc3 a5 42. Rxd3 a4 43. h4 b5 44. g4 Kc5 45. h5 gxh5 46.
gxh5 b4 47. h6 Kc4 48. Rd4+ Kc5 49. Rh4 1-0

[Event "FIDE OPEN Stare Mesto 2021 A"]
[Site "Stare Mesto, CZE"]
[Date "2021.08.15"]
[Round "3.31"]
[White "Blazek, Tomas"]
[Black "Zadrapa, Jakub"]
[Result "0-1"]
[WhiteElo "1591"]
[BlackElo "1570"]
[PlyCount "70"]
[EventDate "2021.08.13"]

1. e4 c5 2. Nf3 d6 3. d4 cxd4 4. Nxd4 Nf6 5. Nc3 a6 6. Bd3 e6 7. Be3 Be7 8. f4
Qc7 9. Nb3 b5 10. a3 Bb7 11. Qe2 Nbd7 12. g4 Nc5 13. Bf2 Rc8 14. Nd4 Qa5 15.
O-O Qc7 16. Rad1 d5 17. e5 Nfe4 18. Bxe4 Nxe4 19. Nxe4 dxe4 20. c3 O-O 21. Bg3
Bc5 22. f5 Qc6 23. Qe3 f6 24. exf6 Rxf6 25. Be5 Rf7 26. f6 Qd5 27. Bg3 e5 28.
Rf5 exd4 29. cxd4 Qd7 30. Be5 Bb6 31. Rdf1 Rd8 32. Qg5 Bxd4+ 33. Bxd4 Qxd4+ 34.
Kg2 Qxb2+ 35. Kh3 Rd3+ 0-1

[Event "FIDE OPEN Stare Mesto 2021 A"]
[Site "Stare Mesto, CZE"]
[Date "2021.08.15"]
[Round "3.32"]
[White "Rybacek, Martin"]
[Black "Vodak, Vojtech"]
[Result "1/2-1/2"]
[WhiteElo "1366"]
[BlackElo "1587"]
[PlyCount "59"]
[EventDate "2021.08.13"]

1. e4 e6 2. d4 d5 3. exd5 exd5 4. Bd3 Nf6 5. Ne2 c6 6. c3 Be7 7. Bf4 O-O 8. Qc2
h6 9. Nd2 Bd6 10. O-O-O b6 11. h4 Re8 12. Bxd6 Qxd6 13. Rde1 Nbd7 14. f3 h5 15.
g3 c5 16. dxc5 Nxc5 17. Nf4 Nxd3+ 18. Qxd3 Bb7 19. Nb3 Re7 20. Rxe7 Qxe7 21.
Qe2 Qxe2 22. Nxe2 Re8 23. Nbd4 a6 24. Re1 g6 25. Kd2 Nd7 26. Nf4 Rxe1 27. Kxe1
Ne5 28. b3 Kf8 29. Kd2 Ke7 30. Ke3 1/2-1/2

[Event "FIDE OPEN Stare Mesto 2021 A"]
[Site "Stare Mesto, CZE"]
[Date "2021.08.15"]
[Round "3.33"]
[White "Beinhauer, Bernard"]
[Black "Soucek, Andrej"]
[Result "1-0"]
[WhiteElo "1575"]
[BlackElo "1318"]
[PlyCount "45"]
[EventDate "2021.08.13"]

1. Nf3 Nc6 2. e4 e5 3. Bb5 Nf6 4. d3 d6 5. c3 a6 6. Ba4 b5 7. Bc2 Be7 8. O-O
Bg4 9. Re1 O-O 10. a4 b4 11. Nbd2 a5 12. Nf1 d5 13. h3 Bh5 14. Ng3 dxe4 15.
Nxh5 exf3 16. Nxf6+ Bxf6 17. Qxf3 Qd7 18. d4 bxc3 19. bxc3 exd4 20. Bf5 Qd6 21.
Ba3 Ne5 22. Bxh7+ Kxh7 23. Qh5+ 1-0